00580nam a22001697a 450000500170000001000260001702000300004303500140007303500140008703700090010108200100011010000180012024500520013826000610019027000890025130000700034020240813105304.0 aENG-128995 ENG-141319 c950.00a978-81-940517-4-9 aEN-112527 aEN-124851 bDBAD a358.4 aBajpai, Arpit aMajor Operations of Air Force/cBy Arpit Bajpai aUttar PradeshbFalguni Publishers and Distributorsc2021 bUttar PradeshaRTB-160, Royal Tower, Shipra Sun City, Indirapuram, Ghaziabade201014 a312p.c23cm(hbk)bIncluding Bibliographical references and index.